Nevyžádaná pošta : každý má někoho, komu by měl napsat "promiň" /

Ironicky něžný román o vině, kterou si neseme, rodinách, které si nevybíráme, a dopisech, které by možná bylo lepší nikdy neotevřít.

Uloženo v:
Hlavní autor: Mašková, Hana, 1989- (Autor)
Médium: Kniha
Jazyk:Czech
Vydáno: Praha : Cosmopolis, 2026
Vydání:První vydání
Témata:
Celkem bylo vypůjčeno:0x
Tagy:
Žádné tagy
LEADER 02341nam a2200349 i 4500
001 106452
003 CZ PrNK
005 20260603081434.0
007 ta
008 260526s2026 xr g 000 f cze
015 |a cnb003760160 
020 |a 9788024738796  |q (brožováno) :  |c Kč 369,00 
040 |a ABG001  |b cze  |e rda 
072 7 |a 821.162.3-3  |x Česká próza  |2 Konspekt  |9 25 
080 |a 821.162.3-31  |2 MRF 
080 |a (0:82-31)  |2 MRF 
100 1 |a Mašková, Hana,  |d 1989-  |7 hka20261298971  |4 aut  |9 117408 
245 1 0 |a Nevyžádaná pošta :  |b každý má někoho, komu by měl napsat "promiň" /  |c Hana Mašková 
250 |a První vydání 
264 1 |a Praha :  |b Cosmopolis,  |c 2026 
300 |a 300 stran ;  |c 21 cm 
336 |a text  |b txt  |2 rdacontent 
337 |a bez média  |b n  |2 rdamedia 
338 |a svazek  |b nc  |2 rdacarrier 
520 2 |a Ironicky něžný román o vině, kterou si neseme, rodinách, které si nevybíráme, a dopisech, které by možná bylo lepší nikdy neotevřít.  |b Sejde se labilní hysterka, promiskuitní workoholik a zahořklý bedňák - co nejhoršího by se mohlo stát? Možná jen to, že jejich dosud relativně klidné životy půjdou k čertu. Stačí jeden tajemný dopis slibující odhalení dávno zapomenuté pravdy. Tři cizí lidé, kteří se nikdy neměli potkat, se vydávají na divokou týdenní jízdu lemovanou neodbytnými milenci, psychopatickými otci a kamínky, které tak krásně zní, když trefí popelnici. Jejich jednotlivá rozhodnutí začnou pomalu rozkládat okolní vztahy i vlastní pečlivě udržované iluze. Stojí zlomené nosy, dotěrné ruce a nepříjemné kocoviny za to, aby konečně pochopili, proč zemřely jejich matky? A je těžší opustit ty, které milujeme, ty, které nesnášíme, nebo sami sebe? Po sedmi dnech se ocitnou znovu na startu. Jen musí zjistit, kterým směrem se rozběhnout. A hlavně - kdo je, proboha, ta zatracená teta Květa? Nakladatelská anotace. Kráceno. 
655 7 |a české romány  |7 fd133974  |2 czenas  |9 54031 
655 9 |a Czech fiction  |2 eczenas 
710 2 |a Cosmopolis (nakladatelství)  |7 ko20251277653  |4 pbl  |9 117136 
910 |a UOG502 
942 |2 ddc  |c KN 
999 |d 106452 
993 |0 0  |1 421180107168  |2 ddc  |4 0  |7 0  |9 99881  |b 0  |c 107168  |d 2026-06-03  |e 0  |f DOSP  |h 369.00  |i Koupě  |l DOSP  |r 2026-06-03  |t 6  |w 2026-06-03  |y KN  |z BELET  |n